000 00268cam a2200121ua 4500
082 _a660.2842
_bMCC/UN
100 _aMcCabe, Warren L.
245 _aUnit operations in chemical engineering
250 _a4 /
_b.
300 _a ; .
504 _a
999 _c11347
_d11347